000 01299nam a22002777a 4500
003 dpl
005 20180702154747.0
008 180702b xxu||||| |||| 00| 0 eng d
010 _aB-073223
020 _c200.00
_a8188075175
035 _aB-073223, B-073227
037 _bCen Lib/Ret
040 _aDPL
_bHN
_c0
082 _a
_bसमसा
245 _aसमसामयिक बंगला श्रेष्ठ कहानियां /
_cसंपादक महेन्द्रनाथ दुबे
246 _aSamsamayik banla sheshth kahaniyan /
_bsampadak Mahendranath Dube
260 _aगाज़ियाबाद
_bके. एल. पचौरी प्रकाशन
_c2002
270 _a8/डी ब्लाक एक्सटेंशन इन्द्रपुरी, लोनी
_bगाज़ियाबाद
_e201102
300 _a185पृ.
_c21सेमी(सजिल्द )
650 _aहिंदी साहित्य
_x
_z
_957964
650 _aहिंदी साहित्य--कहानियां
_942761
650 _aHindi literature
_v
_957965
650 _aHindi literature--Stories
_957966
700 _a दुबे, महेन्द्रनाथ
_945637
942 _2ddc
_cHN
_h
_mसमसा
999 _c114701
_d114701